Представление документа в формате RUSMARC

ПолеНазваниеЗначение
  Тип записи a
  Библиографический уровень a
001 Контрольный номер UONB/MAIN/c3f6a9101c504c4f91f0c96473597dc6
005 Дата корректировки 20260425165617.2
100 Данные общей обработки __
a Данные общей обработки 20260424 ||| 0rusy0189 ca
101 Язык документа 0_
a Язык текста rus
102 Страна публикации __
a Страна публикации RU
200 Заглавие и сведения об ответственности 1_
a Заглавие Из "Осенней тетради"
e Сведения, относящиеся к заглавию стихи
e Сведения, относящиеся к заглавию к 80-летию Петра Кошеля
f Первые сведения об ответственности П. Кошель
203 Вид содержания и тип средства __
a Вид содержания Текст
b Характеристика содержания визуальный
c Тип средства непосредственный
327 Примечание о содержании 01
a Примечание о содержании Как странно читать на чужом языке...
a Примечание о содержании Непониманье...
a Примечание о содержании Издалека с рассвета до заката...
a Примечание о содержании У самой охотской воды...
a Примечание о содержании Не хватит жизни расплатиться...
a Примечание о содержании Над историческим романом...
a Примечание о содержании Стихи о счастье...
a Примечание о содержании Свидание...
a Примечание о содержании Это не молитва, это слово, что всегда произнесется ново...
a Примечание о содержании Ждут там, где и не думаешь...
461 Уровень набора _0
1 2000
a Москва
1 011
a 0131-2332
463 Уровень физической единицы _0
1 2000
a № 4
v С. 15-21
1 2101
d 2026
1 001UONB/MAIN/6d325bd886904b3a98c3ff0a81559958
517 Другие варианты заглавия 1_
a Другие варианты заглавия Как странно читать на чужом языке...
517 Другие варианты заглавия 1_
a Другие варианты заглавия Непониманье...
517 Другие варианты заглавия 1_
a Другие варианты заглавия Издалека с рассвета до заката...
517 Другие варианты заглавия 1_
a Другие варианты заглавия У самой охотской воды...
517 Другие варианты заглавия 1_
a Другие варианты заглавия Не хватит жизни расплатиться...
517 Другие варианты заглавия 1_
a Другие варианты заглавия Над историческим романом...
517 Другие варианты заглавия 1_
a Другие варианты заглавия Стихи о счастье...
517 Другие варианты заглавия 1_
a Другие варианты заглавия Свидание...
517 Другие варианты заглавия 1_
a Другие варианты заглавия Это не молитва, это слово, что всегда произнесется ново...
517 Другие варианты заглавия 1_
a Другие варианты заглавия Ждут там, где и не думаешь...
606 Тематические рубрики 0_
a Основная рубрика Художественная литература
606 Тематические рубрики 0_
a Основная рубрика Современная русская литература (произведения)
610 Ключевые слова 0_
a Ключевые слова стихи
610 Ключевые слова 0_
a Ключевые слова тема воспоминаний о юности
610 Ключевые слова 0_
a Ключевые слова тема любви и отношений
610 Ключевые слова 0_
a Ключевые слова тема поиска себя
610 Ключевые слова 0_
a Ключевые слова тема беспросветной жизни
610 Ключевые слова 0_
a Ключевые слова тема осознания жизни
686 Индексы других классификаций __
2 Код системы rubbk
700 Автор _1
a Фамилия Кошель
b Имя (инициалы) П.
g Полное личное имя Петр
4 Код отношения 070
801 Источник записи _0
a Страна RU
b Организация Ульяновская ОНБ
c Дата составления 20260424
g Правила каталогизации RCR
801 Источник записи _1
a Страна RU
b Организация Ульяновская ОНБ
c Дата составления 20260424
g Правила каталогизации RCR
901 Тип документа __
t Тип документа b
w Контрольный № источника UONB/MAIN/6d325bd886904b3a98c3ff0a81559958